| 000 | 00300nam a2200133 i 4500 | ||
|---|---|---|---|
| 001 | bg | ||
| 100 | 1 | _aARCT, Zbysław | |
| 245 | 0 |
_aDziwne historie książki / _cZ. Arct. |
|
| 260 |
_aWarszawa, _c1969. |
||
| 040 | _cBPK | ||
| 041 | _apol | ||
| 942 | _cKS | ||
| 008 | s pl f |000 0 pol | ||
| 999 |
_c12020 _d12020 |
||
| 856 |
_uhttp://koha.tu.koszalin.pl/cgi-bin/koha/opac-detail.pl?biblionumber=12020 _yKatalog online BPK |
||